Detroit Pistons All-Stars - Statistics

General Stats
  • This quiz has been taken 19 times
  • The average score is 45 of 50
Answer Stats
Hint Answer % Correct
2006 Ben Wallace
100%
2005 Ben Wallace
100%
2004 Ben Wallace
100%
2003 Ben Wallace
100%
1987 Bill Laimbeer
100%
1985 Bill Laimbeer
100%
2008 Chauncey Billups
100%
2007 Chauncey Billups
100%
2006 Chauncey Billups
100%
1993 Isiah Thomas
100%
1992 Isiah Thomas
100%
1991 Isiah Thomas
100%
1990 Isiah Thomas
100%
1989 Isiah Thomas
100%
1988 Isiah Thomas
100%
1987 Isiah Thomas
100%
1986 Isiah Thomas
100%
1985 Isiah Thomas
100%
1984 Isiah Thomas
100%
1983 Isiah Thomas
100%
1982 Isiah Thomas
100%
2008 Rasheed Wallace
100%
2006 Rasheed Wallace
100%
2008 Richard Hamilton
100%
2007 Richard Hamilton
100%
2006 Richard Hamilton
100%
2025 Cade Cunningham
92%
1997 Joe Dumars
92%
1995 Joe Dumars
92%
1994 Joe Dumars
92%
1993 Joe Dumars
92%
1992 Joe Dumars
92%
1991 Joe Dumars
92%
1990 Joe Dumars
92%
1989 Joe Dumars
92%
2000 Grant Hill
85%
1998 Grant Hill
85%
1997 Grant Hill
85%
1996 Grant Hill
85%
1995 Grant Hill
85%
2018 Andre Drummond
77%
2016 Andre Drummond
77%
2009 Allen Iverson
69%
1992 Dennis Rodman
69%
1990 Dennis Rodman
69%
1989 Dennis Rodman
69%
2019 Blake Griffin
62%
1984 Kelly Tripucka
62%
2001 Jerry Stackhouse
46%
2000 Jerry Stackhouse
46%
No matching quizzes found
Score Distribution
Percent of People with Each Score
Percentile by Number Answered
Your Score History
You have not taken this quiz